000 00628nam a22001937a 4500
003 OSt
005 20220107122759.0
008 150410b xxu||||| |||| 00| 0 eng d
040 _c
100 _aRagini Chauhan (93613024)
_96598
245 _aAdvanced intelligent exam monitoring system
500 _aMini Project Report, MSc. CSIS, Second Semester
502 _bMSc. Computer Science and Information Security
_c2013 - 2015
_dINT
_eTony Thomas
650 _aIMAGE PROCESSING
_96599
650 _aINTELLIGENT MONITORING
_96600
650 _aMOTION TRACKING
_96601
700 _aVed Prakash (93613036)
_96621
942 _2ddc
_cPR
999 _c4640
_d4640